Представление документа в формате MARC21

Поле Инд. ПП Название Значение
Тип записи a
Библиографический уровень b
001 Контрольный номер biot10_no3_ss78_ad1
005 Дата корректировки 20140227173148.1
008 Кодируемые данные 100721s2010||||RU|||||||||||#||||# rus0|
035 a Системный контрольный номер RUMARS-biot10_no3_ss78_ad1
2 AR-MARS
040 a Служба первич. каталог. Научная библиотека Марийского государственного университета
b Код языка каталог. rus
041 0_ a Код языка текста rus
h Код языка оригинала rus
080 a Индекс УДК 616.91/.94
084 a Индекс другой классификации/Индекс ББК 55.14
v Таблицы для массовых библиотек
100 1_ a Автор Бывалов А. А.
4 Код отношения 070
245 10 a Заглавие Получение и характеристика моноклональных антител к липополисахариду Yersinia pseudotuberculosis
c Ответственность А. А. Бывалов [и др. ]
504 a Библиография Библиогр.: с. 83 (11 назв. )
520 a Аннотация Псевдотуберкулез относится к числу эпидемиологически значимых сапрозоонозных инфекций. В этой связи важное значение придается исследованию липополисахаридного компонента наружной мембраны Yersinia pseudotuberculosis. Получены 4 гибридомы, продуцирующие моноклональные антитела к различным эпитопам липополисахарида псевдотуберкулезного микроба. Показано, что со снижением температуры культивирования Yersinia pseudotuberculosis в препаратах липополисахарида повышается концентрация эпитопов, вызываемых названными антителами.
650 _4 a Основная рубрика Здравоохранение. Медицинские науки
2 Источник рубрики AR-MARS
650 _4 a Основная рубрика Инфекционные болезни
2 Источник рубрики AR-MARS
653 0_ a Ключевые слова Yersinia pseudotuberculosis
653 0_ a Ключевые слова антитела
653 0_ a Ключевые слова возбудители псевдотуберкулеза
653 0_ a Ключевые слова гибридомные технологии
653 0_ a Ключевые слова гибридомы
653 0_ a Ключевые слова липополисахариды
653 0_ a Ключевые слова моноклональные антитела
653 0_ a Ключевые слова псевдотуберкулез
653 0_ a Ключевые слова сапрозоонозные инфекции
653 0_ a Ключевые слова эпитопный анализ
653 0_ a Ключевые слова эпитопы
700 1_ a Другие авторы Елагин Г. Д.
4 Код отношения 070
700 1_ a Другие авторы Печенкин Д. В.
4 Код отношения 070
700 1_ a Другие авторы Еременко Ю. Д.
4 Код отношения 070
700 1_ a Другие авторы Лобастов В. С.
4 Код отношения 070
700 1_ a Другие авторы Борисевич И. В.
4 Код отношения 070
773 x ISSN 0234-2758
t Название источника Биотехнология
d Место и дата издания 2010
g Прочая информация N 3. - С. 78-83
801 _0 a RU
b 42413095
c 20100721
g RCR
801 _1 a RU
b 42413095
c 20100721
801 _2 a RU
b AR-MARS
c 20100721
g RCR
801 _3 a RU
b AR-MARS
c 20100721
901 t Тип документа b
903 a code
b biot
d 464
903 a year
b 2010
903 a no
b 3
903 a ss
b 78
903 a ad
b 1
911 a Технология биопрепаратов